000 01674nam0a2200349 4500
001 RU\NLR\bibl\1825049
005 20260406152601.0
010 _a978-5-358-08801-6
_91500
021 _aRU
_b2011-75695
_95380
035 _a(NLR Aleph) 001815580
090 _a1933095
_c1933095
100 _a20111026d2011 |||y0rusy50 ca
101 0 _arus
102 _aRU
105 _aa |||||||||
200 1 _aФизика. Химия
_e5-6 классы
_eметодическое пособие к учебнику А.Е. Гуревича, Д.А. Исаева, Л.С. Понтак "Физика. Химия. 5-6 классы"
_fА.Е. Гуревич, Д.А. Исаев, Л.С. Понтак
210 _aМосква
_cДрофа
_d2011
215 _a89, [1] с.
_cил.
_d20
517 0 _aХимия
606 1 _aФизика
_jМетодические пособия
_xПреподавание
_xСредняя школа
_91689448
_3RU\NLR\auth\661049384
606 1 _aХимия
_jМетодические пособия
_xПреподавание
_xСредняя школа
_91893920
_3RU\NLR\auth\661151836
686 _aЧ426.51-215я8
686 _aЧ426.57-215я8
700 1 _4070
_7ca
_8rus
_aГуревич
_bА. Е.
_cканд. пед. наук
_gАлександр Евсеевич
_9115927
_3RU\NLR\auth\775971
701 1 _4070
_7ca
_8rus
_aИсаев
_bД. А.
_gДмитрий Аркадьевич
_9115928
_3RU\NLR\auth\775972
701 1 _4070
_7ca
_8rus
_aПонтак
_bЛ. С.
_gЛюбовь Семеновна
_9115929
_3RU\NLR\auth\775973
801 0 _aRU
_bNLR
_c20111026
_gRCR
801 1 _aRU
_bNLR
_c20111026
942 _cBOOK
980 _aNB
980 _aNBR